00989nam a2200265 a 450000100060000000300080000600500170001400800410003103500190007204000270009104100080011808200290012610000300015524500940018526000580027930000350033735000100037250400310038265000410041365000390045470000590049394200120055299900170056495201420058158166BD-RjUL20211209080607.0690829s1969 enka b 001 0 eng  a(BD-RjUL)58290 aDLCcDLCdBD-RjULbeng aeng00a331.110973223bBOE 19691 aBowen, William G.917277714aThe economics of labor force participation /cby William G. Bowen and T. Aldrich Finegan. aPrinceton, N.J.:bPrinceton University Press,cc1969. axxvi, 897 p. :bill. ;c25 cm. a18.50 aBibliographical footnotes. 0aLabor supplyzUnited States.9172778 0aUnemployedzUnited States.91727791 aFinegan, Thomas Aldrich,d1929-ejoint author.9172780 2ddccBK c58166d58166 00102ddc40718NFICaRUCLbRUCLcReadingd1977-07-25eAsia foundationl0o331.110973 BOE 1969r2016-12-17 00:00:00tC-1w2016-12-17yBK